Historia de las elecciones e el Perú: estudios sobre el gobierno representativo

Salvato in:
Dettagli Bibliografici
Autori principali: Aljovín de Losada, Cristóbal (Autore), López, Sinesio (Autore)
Natura: Libro
Lingua:spagnolo
Pubblicazione: Lima Instituto de Estudios Peruanos 2005
Edizione:1a. ed
Serie:Estudios Históricos, 41
Soggetti:
Tags: Aggiungi Tag
Nessun Tag, puoi essere il primo ad aggiungerne!!

MARC

LEADER 00000cam a2200000 a 4500
001 UCC7825
003 CL-VaPUC
008 190510e20050000pe |||||||||||||||||spa|d
020 |a 9972511278 
082 0 4 |a 985.05  |b ALJ  |2 21 
100 0 |a Aljovín de Losada, Cristóbal  |e author  |9 602551 
700 0 |a López, Sinesio  |e author  |9 602552 
245 1 0 |a Historia de las elecciones e el Perú: estudios sobre el gobierno representativo 
250 |a 1a. ed 
300 |a 568 p 
942 |c BK 
945 |d 20190510 15:30:00  |a dcastane 
260 |a Lima  |b Instituto de Estudios Peruanos  |c 2005 
650 7 |a HISTORIA DEL PERU SIGLO 19  |2 CL-VaPUC  |9 446374 
650 7 |a HISTORIA DEL PERU SIGLO 20  |2 CL-VaPUC  |9 557508 
650 0 |a Elecciones  |9 254997 
583 |a last modification  |c 20190510 15:30:00  |k Rodrigo Vera 
490 0 |a Estudios Históricos, 41 
999 |c 374374  |d 374372 
952 |0 0  |1 0  |3 erb  |4 0  |6 985_050000000000000_ALJ_2005  |7 0  |8 A  |9 492882  |a BIBHIS  |b BIBHIS  |i 5546451  |o 985.05 ALJ 2005  |p 5546451  |r 2025-01-20  |w 2019-11-24  |y BK  |z Catalogado en:20190510  |k HIS